Statistics for Richest People Ever

Click here to take the quiz!

General Stats

  • This quiz has been taken 46 times
  • The average score is 2 of 10

Answer Stats

Value in $#Richest People% Correct
$322 Billion1John Rockefeller
91%
$302 Billion2Andrew Carnegie
58%
$170 Billion10Cornelius Vanderbilt
35%
$191 Billion7Henry Ford
26%
$192 Billion6Andrew Mellon
9%
$257 Billion3Nicholas II (Russia)
7%
$213 Billion5Osman Ali Khan (Hyderabad)
2%
$172 Billion9Basil II (Byzantine Empire)
0%
$172.5 Billion8Marcus Crassus
0%
$235 Billion4William Vanderbilt
0%

Score Distribution

Percentile by Number Answered

Percent of People with Each Score

Your Score History

You have not taken this quiz